书目信息 |
| 题名: |
铁路少年
|
|
| 作者: | 内斯比特 著 ;埃斯科特 , 秦小雅 改写 | |
| 分册: | ||
| 出版信息: | 北京 外语教学与研究出版社 2022.08 |
|
| 页数: | 108页 | |
| 开本: | 20cm | |
| 丛书名: | 书虫·牛津英汉双语读物 : 升级版. 三级. 2 | |
| 单 册: | ||
| 中图分类: | H319.4:I | |
| 科图分类: | ||
| 主题词: | 英语 | |
| 电子资源: | ||
| ISBN: | 978-7-5213-3695-5 | |
| 000 | 01558nam0 2200265 450 | |
| 001 | 2333237259 | |
| 005 | 20231214091818.15 | |
| 010 | @a978-7-5213-3695-5@dCNY15.00 | |
| 100 | @a20231214d2022 km y0chiy0120 ea | |
| 101 | 0 | @achi |
| 102 | @aCN@b110000 | |
| 200 | 1 | @a铁路少年@ATie Lu Shao Nian@f(英)内斯比特 ( Nesbit, Edith ) 著;埃斯科特 ( Escott, John ) 改写;秦小雅译@F(Ying)Nei Si Bi Te(Nesbit,Edith)Zhu;Ai Si Ke Te(Escott,John)Gai Xie;Qin Xiao Ya Yi |
| 210 | @a北京@c外语教学与研究出版社@d2022.08 | |
| 215 | @a108页@d20cm | |
| 225 | 2 | @a书虫·牛津英汉双语读物 : 升级版. 三级. 2 |
| 330 | @a他们生活中的变化发生得异常突然。 此刻, 他们还生活在一个幸福的家庭里, 要什么有什么。 瞬间之后, 爸爸就被迫离开 -- “出差去了 ” , 妈妈是这么讲的。 但是她脸色苍白, 孩子们明白这是个坏消息。 他们不得不离开了他们在伦敦的那个舒适的家, 住到了乡下的一座小房子里。 现在他们是穷人了, 妈妈说。 虽然她竭力想让自己的声音听起来高兴一些, 无奈双眼中却充满了伤感和忧虑。 罗伯塔、彼得和菲利斯也为他们的爸爸担心, 但谁都不能一直那么伤感。 新生活开始了, 处处都充满了新奇的冒险。 从他们的新家往山下走, 有一条铁路, 耀眼明亮的铁路通向伦敦 ; 还有穿山隧道那黑洞洞的大口, 在那里火车从黑暗中呼啸而出, 就像体型庞大的野兽。 | |
| 410 | 0 | @12001 @a书虫·牛津英汉双语读物 : 升级版. 三级. 2 |
| 510 | 1 | @a= The railway children |
| 606 | 0 | @a英语 |
| 690 | @aH319.4:I@v4 | |
| 701 | 0 | @a内斯比特@ANei Si Bi Te@bNesbit,Edith@4著 |
| 702 | 0 | @4改写@a埃斯科特@AAi Si Ke Te@bEscott,John |
| 702 | 0 | @a秦小雅@AQin Xiao Ya@4译 |
| 801 | 0 | @aCN@b河南城建学院图书馆@c20231214 |
| 905 | @dH319.4:I@eN4002 | |
| 铁路少年/(英)内斯比特 ( Nesbit, Edith ) 著;埃斯科特 ( Escott, John ) 改写;秦小雅译.-北京:外语教学与研究出版社,2022.08 |
| 108页;20cm.-(书虫·牛津英汉双语读物 : 升级版. 三级. 2) |
| ISBN 978-7-5213-3695-5:CNY15.00 |
| 他们生活中的变化发生得异常突然。 此刻, 他们还生活在一个幸福的家庭里, 要什么有什么。 瞬间之后, 爸爸就被迫离开 -- “出差去了 ” , 妈妈是这么讲的。 但是她脸色苍白, 孩子们明白这是个坏消息。 他们不得不离开了他们在伦敦的那个舒适的家, 住到了乡下的一座小房子里。 现在他们是穷人了, 妈妈说。 虽然她竭力想让自己的声音听起来高兴一些, 无奈双眼中却充满了伤感和忧虑。 罗伯塔、彼得和菲利斯也为他们的爸爸担心, 但谁都不能一直那么伤感。 新生活开始了, 处处都充满了新奇的冒险。 从他们的新家往山下走, 有一条铁路, 耀眼明亮的铁路通向伦敦 ; 还有穿山隧道那黑洞洞的大口, 在那里火车从黑暗中呼啸而出, 就像体型庞大的野兽。 |
| ● |
| 相关链接 |
|
|
|
正题名:铁路少年
索取号:H319.4:I/N4002
 
预约/预借
| 序号 | 登录号 | 条形码 | 馆藏地/架位号 | 状态 | 备注 |
| 1 | 1548468 | 215484688 | 外国语学院资料室/ [索取号:H319.4:I/N4002] | 在馆 |